Elsevier'sintegrated neuroscience

The book gives an overview of the nervous system, particularly the central nervous system, such as: Cells of the nervous system -- Electrical signaling by nerve cells -- Synaptic transmission -- Sensory receptors -- General organization of the nervous system -- Development of the nervous system -- T...

ver descrição completa

Na minha lista:
Detalhes bibliográficos
Autor principal: Nolte, John
Formato: Livro
Idioma:Undetermined
Publicado em: Philadelphia, PA Mosby/Elsevier 2007
Assuntos:
Tags: Adicionar Tag
Sem tags, seja o primeiro a adicionar uma tag!
Thư viện lưu trữ: Trung tâm Học liệu Trường Đại học Cần Thơ
LEADER 01274nam a2200217Ia 4500
001 CTU_128195
008 210402s9999 xx 000 0 und d
020 |c 371000 
082 |a 612.89 
082 |b N798 
100 |a Nolte, John 
245 0 |a Elsevier'sintegrated neuroscience 
245 0 |c John Nolte 
260 |a Philadelphia, PA 
260 |b Mosby/Elsevier 
260 |c 2007 
520 |a The book gives an overview of the nervous system, particularly the central nervous system, such as: Cells of the nervous system -- Electrical signaling by nerve cells -- Synaptic transmission -- Sensory receptors -- General organization of the nervous system -- Development of the nervous system -- Tissues supporting the nervous system -- Imaging the nervous system -- Somatosensory system -- Auditory system -- Vestibular system -- Visual system -- Chemical senses -- Motor neurons and motor units -- Basal ganglia -- Cerebellum -- Control of eye movements -- Homeostasis, motivation, and emotion -- Consciousness and cognition -- Formation, maintenance, and plasticity of neuronal connections 
650 |a Neurosciences.,Nervous system,Nervous System Physiology. 
650 |x Diseases. 
904 |i Minh 
980 |a Trung tâm Học liệu Trường Đại học Cần Thơ